| 000 | 00450nam a22001577a 4500 | ||
|---|---|---|---|
| 003 | OSt | ||
| 005 | 20211105150839.0 | ||
| 008 | 211105b |||||||| |||| 00| 0 eng d | ||
| 040 | _cHU | ||
| 082 | _a306.0216435 | ||
| 100 |
_aINVENTORY _95944 |
||
| 245 | _aAN INVENTORY OF THE INTANGIBLE CULTURA HERITAGES OF SIXTEEN NATIONS AND NATIONLITIES IN SOUTH OMO ZONE OF SNNPR | ||
| 260 |
_aADDIS ABAB _bHALL _c2008 |
||
| 300 | _a129P | ||
| 942 |
_2ddc _cBOOKS _n0 |
||
| 999 |
_c16970 _d16970 |
||